[Event "17. Int. Boeblinger Open"]
[Site "Boeblingen"]
[Date "2000.12.30"]
[Round "9"]
[White "Becking, Stephan"]
[Black "Wegerer, Fred"]
[Result "1-0"]
[WhiteElo "2275"]
[BlackElo "2198"]
[PlyCount "89"]
[EventDate "2000.12.26"]

1. Nf3 Nf6 2. g3 b5 3. Bg2 Bb7 4. O-O e6 5. d3 Be7 6. e4 O-O 7. Nbd2 d6 8. Ne1
Nfd7 9. f4 c5 10. Nef3 Qc7 11. c3 Nc6 12. Re1 b4 13. c4 Bf6 14. g4 g6 15. Nf1
Nd4 16. Kh1 Nxf3 17. Qxf3 Bd4 18. Qe2 Rfe8 19. Be3 Bg7 20. Ng3 a5 21. Rad1 a4
22. Qf2 Rac8 23. h4 Nb8 24. Bf3 Nc6 25. g5 Nd4 26. Bg2 b3 27. axb3 axb3 28. Rf1
Nc2 29. Bc1 Ra8 30. Ne2 Bc6 31. Nc3 Bd4 32. Qe2 Ra1 33. Bd2 Rxd1 34. Nxd1 Ra8
35. Bc3 Ra1 36. Qd2 Qa7 37. f5 exf5 38. exf5 Bxg2+ 39. Qxg2 Rxd1 40. Rxd1 Ne3
41. Qc6 gxf5 42. Qe8+ Kg7 43. Qxe3 Qb7+ 44. Kg1 Bxc3 45. bxc3 1-0

[Event "17. Int. Boeblinger Open"]
[Site "Boeblingen"]
[Date "2000.12.30"]
[Round "9"]
[White "Brodbeck, Stefan"]
[Black "Namyslo, Holger"]
[Result "1-0"]
[WhiteElo "2150"]
[BlackElo "2328"]
[PlyCount "49"]
[EventDate "2000.12.26"]

1. e4 e6 2. d4 d5 3. Nc3 Bb4 4. e5 c5 5. a3 Bxc3+ 6. bxc3 Ne7 7. Nf3 Qa5 8. Bd2
Bd7 9. h4 Nbc6 10. h5 cxd4 11. cxd4 Qa4 12. Bc3 Na5 13. h6 g6 14. Ng5 Rc8 15.
Rh3 Nf5 16. g4 Rxc3 17. Rxc3 Qxd4 18. Qxd4 Nxd4 19. Rc7 O-O 20. O-O-O Bb5 21.
Rxd4 Bxf1 22. Rf4 Nc6 23. Rfxf7 Rxf7 24. Rxf7 Nxe5 25. Rg7+ 1-0

[Event "17. Int. Boeblinger Open"]
[Site "Boeblingen"]
[Date "2000.12.30"]
[Round "9"]
[White "Dietrich, Ralf"]
[Black "Unger, Franz"]
[Result "1-0"]
[WhiteElo "2265"]
[BlackElo "1970"]
[PlyCount "84"]
[EventDate "2000.12.26"]

1. e4 e5 2. Nf3 Nf6 3. Nxe5 d6 4. Nf3 Nxe4 5. d4 d5 6. Bd3 Nc6 7. c4 Bb4+ 8.
Kf1 Be7 9. Nc3 Nf6 10. h3 Nb4 11. Be2 dxc4 12. Bxc4 Nbd5 13. g4 h6 14. Ne5 Be6
15. Qb3 Rb8 16. f4 Nxc3 17. Bxe6 fxe6 18. bxc3 Qd5 19. Qxd5 Nxd5 20. Ng6 Rg8
21. Bd2 Ba3 22. Rb1 Bd6 23. Re1 Kf7 24. Ne5+ Bxe5 25. Rxe5 Nb6 26. Ke2 Rgd8 27.
Re1 Rd5 28. Kd3 Rxe5 29. fxe5 Rd8 30. Rf1+ Kg6 31. h4 h5 32. gxh5+ Kxh5 33. Bg5
Rd7 34. Rf8 c5 35. Re8 cxd4 36. cxd4 Na4 37. Ke3 Nc3 38. Rxe6 Nb5 39. Re7 Rxd4
40. Rxb7 Rb4 41. e6 Rb1 42. e7 a6 1-0

[Event "17. Int. Boeblinger Open"]
[Site "Boeblingen"]
[Date "2000.12.30"]
[Round "9"]
[White "Gulde, Juergen"]
[Black "Hoffmann, Hans"]
[Result "0-1"]
[WhiteElo "2073"]
[BlackElo "2233"]
[PlyCount "82"]
[EventDate "2000.12.26"]

1. d4 d5 2. Nf3 Nf6 3. e3 e6 4. Bd3 c5 5. c3 Nc6 6. Nbd2 Be7 7. O-O O-O 8. dxc5
Bxc5 9. e4 e5 10. exd5 Nxd5 11. Ne4 Be7 12. Bc4 Nb6 13. Qxd8 Rxd8 14. Bb3 h6
15. h3 Bf5 16. Ng3 Bg6 17. Re1 Bd6 18. Be3 Re8 19. Bxb6 axb6 20. Rad1 Rad8 21.
Nh4 Bh7 22. Nhf5 Bc5 23. Kf1 Kf8 24. Ba4 Rxd1 25. Rxd1 Rd8 26. Rxd8+ Nxd8 27.
Bd7 g6 28. b4 gxf5 29. bxc5 f4 30. Nf5 Bxf5 31. Bxf5 bxc5 32. Ke2 f6 33. Bc8 b6
34. Kd3 Nf7 35. Be6 Nd6 36. Bd5 Ke7 37. a4 f5 38. f3 Kf6 39. h4 Kg6 40. Be6 e4+
41. fxe4 fxe4+ 0-1

[Event "17. Int. Boeblinger Open"]
[Site "Boeblingen"]
[Date "2000.12.30"]
[Round "9"]
[White "Hanisch, Joerg"]
[Black "Sarec, Ivica"]
[Result "0-1"]
[WhiteElo "2199"]
[BlackElo "2065"]
[PlyCount "68"]
[EventDate "2000.12.26"]

1. e4 c5 2. Nf3 Nf6 3. Nc3 d5 4. exd5 Nxd5 5. Ne5 Nf6 6. Bb5+ Nbd7 7. d4 cxd4
8. Qxd4 a6 9. Bxd7+ Nxd7 10. Bf4 f6 11. Nd5 Nxe5 12. Bxe5 Kf7 13. Nc7 Qxd4 14.
Bxd4 e5 15. Be3 Rb8 16. Ba7 Bf5 17. Bxb8 Bc5 18. Nxa6 bxa6 19. Bc7 Bxc2 20. Rc1
Bb4+ 21. Ke2 Ba4 22. a3 Bb5+ 23. Ke3 Be7 24. Bb6 f5 25. Rc7 Ke6 26. g3 Bd8 27.
Rd1 Bxc7 28. Bxc7 Rc8 29. Ba5 g5 30. f4 gxf4+ 31. gxf4 exf4+ 32. Kxf4 Rc4+ 33.
Ke3 Re4+ 34. Kf3 Be2+ 0-1

[Event "17. Int. Boeblinger Open"]
[Site "Boeblingen"]
[Date "2000.12.30"]
[Round "9"]
[White "Haub, Thorsten-Michael"]
[Black "Fahnenschmidt, Gerhard"]
[Result "1-0"]
[WhiteElo "2370"]
[BlackElo "2262"]
[PlyCount "99"]
[EventDate "2000.12.26"]

1. Nf3 c5 2. g3 Nc6 3. Bg2 e5 4. d3 d5 5. O-O Be7 6. Nbd2 Be6 7. e4 d4 8. Nc4
Qc7 9. a4 h5 10. Ng5 Bxg5 11. Bxg5 f6 12. Bd2 h4 13. f4 hxg3 14. hxg3 O-O-O 15.
f5 Bxc4 16. dxc4 d3 17. c3 Qf7 18. b3 g6 19. Qf3 Nge7 20. g4 gxf5 21. exf5 Rdg8
22. g5 Qh7 23. g6 Nxg6 24. fxg6 Rxg6 25. Be1 Qh2+ 26. Kf2 Rhg8 27. Qh3+ Qxh3
28. Bxh3+ Kc7 29. Bd2 e4 30. Rae1 f5 31. Bf4+ Kb6 32. Rg1 Na5 33. Rxg6+ Rxg6
34. Rb1 Ka6 35. Ke3 Rb6 36. Bxf5 Nxc4+ 37. Kxe4 d2 38. Bg4 Na3 39. Be2+ c4 40.
Ra1 Rxb3 41. Bxd2 Ka5 42. Kd5 Rb2 43. Bc1 Rxe2 44. Rxa3 b5 45. Bf4 Re7 46. Bd6
Rd7 47. Kc5 bxa4 48. Kc6 Rxd6+ 49. Kxd6 Kb5 50. Kd5 1-0

[Event "17. Int. Boeblinger Open"]
[Site "Boeblingen"]
[Date "2000.12.30"]
[Round "9"]
[White "Hoen, Lothar"]
[Black "Diehl, Andreas"]
[Result "1-0"]
[WhiteElo "2224"]
[BlackElo "2112"]
[PlyCount "69"]
[EventDate "2000.12.26"]

1. e4 e5 2. Bc4 Nf6 3. d3 Nc6 4. Nc3 Be7 5. f4 d6 6. Nf3 Bg4 7. h3 Bxf3 8. Qxf3
Qd7 9. Be3 Rf8 10. g4 O-O-O 11. O-O-O g6 12. f5 gxf5 13. gxf5 Na5 14. Bh6 Nxc4
15. Bxf8 Bxf8 16. dxc4 Qc6 17. Nd5 Qxc4 18. Nxf6 Qxa2 19. Ng4 h5 20. Qb3 Qxb3
21. cxb3 hxg4 22. hxg4 Be7 23. Rh7 Bg5+ 24. Kc2 f6 25. Rdh1 b6 26. Rg7 Kb7 27.
Rhh7 Rc8 28. Rh5 Kc6 29. Rhxg5 fxg5 30. Rxg5 Kd7 31. Rg7+ Ke8 32. f6 Kf8 33. g5
a5 34. Rh7 Kg8 35. g6 1-0

[Event "17. Int. Boeblinger Open"]
[Site "Boeblingen"]
[Date "2000.12.30"]
[Round "9"]
[White "Huth, Arno"]
[Black "Lasslop, Uwe"]
[Result "1/2-1/2"]
[WhiteElo "2017"]
[BlackElo "2181"]
[PlyCount "74"]
[EventDate "2000.12.26"]

1. c4 g6 2. d4 Nf6 3. Nf3 Bg7 4. Nc3 d6 5. e4 O-O 6. Be2 e5 7. O-O Nbd7 8. Re1
c6 9. Rb1 a5 10. Bf1 Qe7 11. a3 exd4 12. Nxd4 Ng4 13. Qxg4 Bxd4 14. Be3 Nc5 15.
Qf3 Be5 16. Bf4 Qf6 17. Bxe5 Qxf3 18. gxf3 dxe5 19. b4 axb4 20. axb4 Ne6 21.
Ra1 Nd4 22. Kg2 Be6 23. Ra4 Rxa4 24. Nxa4 Ra8 25. Nc5 b6 26. Nd3 f6 27. Rc1 Kf8
28. f4 exf4 29. Nxf4 Ke7 30. b5 g5 31. Rd1 Rd8 32. Nxe6 Kxe6 33. Ra1 c5 34. Ra6
Rd6 35. Ra7 Rd7 36. Ra6 Rd6 37. Ra7 Rd7 1/2-1/2

[Event "17. Int. Boeblinger Open"]
[Site "Boeblingen"]
[Date "2000.12.30"]
[Round "9"]
[White "Junesch, Gerhard"]
[Black "Zeller, Frank"]
[Result "0-1"]
[WhiteElo "2245"]
[BlackElo "2434"]
[Annotator "Zeller"]
[PlyCount "78"]
[EventDate "2000.12.26"]

1. Nf3 Nf6 2. c4 c5 3. Nc3 e6 4. g3 b6 5. Bg2 Bb7 6. O-O d6 7. Re1 Be7 8. e4
Nbd7 9. d4 cxd4 10. Nxd4 Qc7 {
Eine Spezialitaet meinerseits: Igel mit verschlepptem ...a6.
} 11. b3 O-O 12.
Ba3 a6 13. Rc1 Rac8 (13... Rad8 $2 14. Nd5 $1 exd5 15. cxd5 Qb8 16. Nc6 Bxc6
17. dxc6) 14. h3 Qb8 15. Qe2 Rfe8 16. Kh2 Bf8 17. Bh1 {#  (!) Eine originelle
Laeuferaufstellung. Auf g2 koennte der Laeufer nach zeitgemaessem ...Da8
taktisch anfaellig sein. Der ungedeckte La3 koennte sich indes eher als die
taktische Schwaeche entpuppen. Spaetestens hier war klar, dass Weiss nicht
bereit ist, auf "Gewinn" zu spielen. Getreu der landlaeufigen Ansicht, dass
der Igel nur dann Gewinnaussichten verspricht, wenn Weiss zu riskant spielt,
entschliesst sich Weiss, NICHTS zu machen.  Dieses Kalkuel stoesst auf zwei
Hindernisse: zum einen kann Schwarz sehr wohl durch methodisches Vorgehen
seine Stellung verstaerken, sprich auf Gewinn spielen - zum zweiten erweist es
sich als ausgesprochen schwierig, auf sinnvolle Art und Weise  NICHTS zu
machen!  } 17... g6 18. Qd2 Rcd8 19. Rcd1 Nc5 {Schon haengt ...d5 in der Luft.
Zudem muss mit ...e5, ...h5, ...h4 oder ...b5 gerechnet werden. Das weisse
Problem ist - neben dem ungedeckten La3 - seine Dame: dauernd ist sie
unangenehmen Roentgenblicken der schwarzen Tuerme ausgesetzt.  } 20. Qe3 $6 Bg7
(20... Nfxe4 $2 21. Nxe4 Nxe4 22. Bxe4 Bxe4 23. Qxe4 d5 24. cxd5 exd5 25. Qd3
Bxa3 {scheitert noch an} 26. Nc6 {
, aber zu 20. ...d5 war bereits ein guenstiger Zeitpunkt.}) 21. b4 $6 (21. Qc1
$1 {hielt noch die Stellung im Lot, um ...d5 mit Generalabtausch auf d5
beantworten zu koennen.}) 21... Ncd7 22. Qe2 (22. b5 Ne5 23. Qe2 Qc8 $15) 22...
Rc8 23. b5 {#} 23... d5 $1 {Klassischer Igelbreak.
} 24. bxa6 $6 (24. Nc6 Bxc6
25. bxc6 Rxc6 26. exd5 exd5 27. Qf1 Rxc4 28. Nxd5 {
war noch der beste Versuch. Das Laeuferpaar gibt gewisse Kompensation.
})
24... Bxa6 25. Ndb5 (25. Ncb5 Rxc4 26. Nd6 Rxd4 27. Qxa6 Rxd1 28. Rxd1 Qa8 $17)
25... Rxc4 $1 26. Nd6 {#} 26... Rxc3 27. Qxa6 Rxa3 $1 28. Qxa3 Bf8 29. exd5 ({
Bei} 29. e5 Nxe5 30. Rxe5 Bxd6 {haengt noch der Turm!}) 29... Bxd6 30. Qa4 e5
31. Re2 h5 32. Kg1 Kg7 33. Rb1 Bc5 34. Kf1 Qb7 35. Bg2 Ra8 36. Qc6 Qa6 37. Qb5
Qxb5 38. Rxb5 Ra4 39. Rbb2 Kf8 {Dankenswerterweise gab mein Gegner auf und
ersparte es mir, unter Zeitdruck den Vierzigsten ausfuehren zu muessen. Sehr
fair!} 0-1

[Event "17. Int. Boeblinger Open"]
[Site "Boeblingen"]
[Date "2000.12.30"]
[Round "9"]
[White "Klovans, Janis"]
[Black "Werner, Isabel"]
[Result "1-0"]
[WhiteElo "2466"]
[BlackElo "2259"]
[PlyCount "103"]
[EventDate "2000.12.26"]

1. e4 c6 2. d4 d5 3. e5 Bf5 4. Nf3 e6 5. Be2 Ne7 6. O-O Nd7 7. Nbd2 c5 8. c4
cxd4 9. Nxd4 Nxe5 10. cxd5 Qxd5 11. Nb5 Qd7 12. Qa4 Nd5 13. Nc4 Nxc4 14. Bxc4
Nb6 15. Nc7+ Kd8 16. Qxd7+ Kxd7 17. Nxa8 Nxc4 18. Rd1+ Nd6 19. Bf4 Be4 20. Rd4
Bd5 21. Rc1 Nb5 22. Rdd1 Bd6 23. Bxd6 Nxd6 24. Rc7+ Kd8 25. b4 Re8 26. a4 Re7
27. Rxe7 Kxe7 28. b5 b6 29. Nc7 Bb3 30. Rd4 Nb7 31. Na6 Nc5 32. Nb4 Bxa4 33.
Nc6+ Kf6 34. Nxa7 Ke5 35. Nc6+ Kf6 36. Rf4+ Kg5 37. Rxf7 Bxb5 38. Rxg7+ Kf6 39.
Rc7 h5 40. Nd4 Ba4 41. f4 e5 42. fxe5+ Kxe5 43. Nf3+ Kf4 44. Rh7 Be8 45. Rh8
Bc6 46. Nd4 Bd7 47. Rxh5 Ne4 48. Rd5 Ba4 49. h4 Nc3 50. Rd8 Kg4 51. Rg8+ Kf4
52. h5 1-0

[Event "17. Int. Boeblinger Open"]
[Site "Boeblingen"]
[Date "2000.12.30"]
[Round "9"]
[White "Koehler, Ronald"]
[Black "Meijers, Viesturs"]
[Result "1/2-1/2"]
[WhiteElo "2255"]
[BlackElo "2464"]
[PlyCount "117"]
[EventDate "2000.12.26"]

1. d4 Nf6 2. c4 e6 3. Nf3 b6 4. a3 Bb7 5. Nc3 d5 6. cxd5 exd5 7. g3 Be7 8. Qa4+
c6 9. Bg2 Nbd7 10. O-O O-O 11. Bf4 Re8 12. Rfd1 Nh5 13. Bd2 Bd6 14. Nh4 g6 15.
b4 b5 16. Qb3 Be7 17. Nf3 Nb6 18. e4 a6 19. exd5 cxd5 20. a4 bxa4 21. Nxa4 Nxa4
22. Qxa4 Nf6 23. Qa5 Ne4 24. Bf4 Qd7 25. Ne5 Qb5 26. Qxb5 axb5 27. Nd3 Nc3 28.
Rxa8 Rxa8 29. Re1 Bf8 30. h3 Ne4 31. Rc1 Bc8 32. Bf1 g5 33. Be3 f6 34. h4 h6
35. Kg2 Nd6 36. hxg5 hxg5 37. Rc6 Kf7 38. Be2 Bf5 39. Nc5 Nc4 40. Rc7+ Kg6 41.
g4 Bb1 42. Bd3+ Bxd3 43. Nxd3 Ra3 44. Nc5 Nxe3+ 45. fxe3 Rxe3 46. Rd7 Re2+ 47.
Kf3 Rb2 48. Rxd5 Rxb4 49. Ne6 Kf7 50. Nxf8 Kxf8 51. Rd7 Ke8 52. Rb7 Kd8 53. Ke4
Rb1 54. Kf5 Kc8 55. Rb6 Kc7 56. Rxf6 b4 57. Kxg5 b3 58. Rf5 Kb6 59. Rf8 {
Remis im 68. Zug} 1/2-1/2

[Event "17. Int. Boeblinger Open"]
[Site "Boeblingen"]
[Date "2000.12.30"]
[Round "9"]
[White "Michalczak, Thomas"]
[Black "Doettling, Fabian"]
[Result "0-1"]
[WhiteElo "2282"]
[BlackElo "2475"]
[PlyCount "78"]
[EventDate "2000.12.26"]

1. e4 c6 2. d4 d5 3. Nc3 dxe4 4. Nxe4 Bf5 5. Ng3 Bg6 6. Bc4 e6 7. N1e2 Bd6 8.
h4 h6 9. Nf4 Bxf4 10. Bxf4 Nf6 11. Qe2 O-O 12. h5 Bh7 13. O-O-O b5 14. Bd3 Bxd3
15. Qxd3 Qd5 16. Kb1 Nbd7 17. Ne2 Qe4 18. Qd2 c5 19. f3 Qd5 20. Rh3 Kh8 21. Nc3
Qb7 22. Bxh6 gxh6 23. Qxh6+ Nh7 24. Ne4 Qd5 25. g4 f6 26. Nc3 Qg5 27. Qg6 cxd4
28. Rxd4 Ne5 29. Qe4 Nc4 30. Qd3 a6 31. Rg3 Qe3 32. Qf1 Ng5 33. Rd3 Qf4 34. Ne2
Qe5 35. c3 Qc5 36. b3 Ne5 37. b4 Qc7 38. Re3 Rad8 39. Qc1 Nc4 0-1

[Event "17. Int. Boeblinger Open"]
[Site "Boeblingen"]
[Date "2000.12.30"]
[Round "9"]
[White "Prestel, Oliver"]
[Black "Dunsbach, Ralf"]
[Result "1-0"]
[WhiteElo "2195"]
[BlackElo "2330"]
[PlyCount "37"]
[EventDate "2000.12.26"]

1. d4 Nf6 2. c4 g6 3. Nc3 d5 4. Nf3 Bg7 5. Qb3 dxc4 6. Qxc4 O-O 7. e4 a6 8. e5
b5 9. Qb3 Nfd7 10. e6 fxe6 11. h4 c5 12. h5 c4 13. Qc2 Qe8 14. Qe4 Nb6 15. Ng5
e5 16. dxe5 Bf5 17. Qb7 Qc6 18. Qxe7 N8d7 19. h6 1-0

[Event "17. Int. Boeblinger Open"]
[Site "Boeblingen"]
[Date "2000.12.30"]
[Round "9"]
[White "Schaefer, Michael"]
[Black "Weiland, Guenter"]
[Result "1-0"]
[WhiteElo "2221"]
[BlackElo "2095"]
[PlyCount "87"]
[EventDate "2000.12.26"]

1. d4 c5 2. d5 g6 3. e4 Bg7 4. Nc3 d6 5. Bb5+ Nd7 6. a4 a6 7. Be2 b6 8. Nf3
Ngf6 9. O-O O-O 10. Bf4 Nh5 11. Bg5 h6 12. Be3 Nhf6 13. Nd2 Rb8 14. Nc4 b5 15.
axb5 axb5 16. Na5 Ne5 17. Nxb5 Bd7 18. Nc3 g5 19. Qc1 Qb6 20. Nb3 Ng6 21. Re1
Ra8 22. f3 Rfb8 23. g3 Kh7 24. Kg2 Qc7 25. Nd2 e6 26. Rxa8 Rxa8 27. Nc4 exd5
28. exd5 Re8 29. Bd3 Kg8 30. Bxg6 fxg6 31. Bd2 Kf7 32. Rxe8 Kxe8 33. Qa1 Ke7
34. Qa6 Ne8 35. g4 Qb8 36. Qb6 Qxb6 37. Nxb6 Nc7 38. Nd1 Be8 39. c4 Be5 40. b3
Kf6 41. Nf2 Ke7 42. Ne4 Bd7 43. Nxd7 Kxd7 44. h4 1-0

[Event "17. Int. Boeblinger Open"]
[Site "Boeblingen"]
[Date "2000.12.30"]
[Round "9"]
[White "Schaefer, Peter"]
[Black "Kercher, Peter"]
[Result "0-1"]
[WhiteElo "1867"]
[BlackElo "2169"]
[PlyCount "74"]
[EventDate "2000.12.26"]

1. e4 c5 2. f4 Nc6 3. Nc3 g6 4. Nf3 Bg7 5. Bc4 e6 6. O-O Nge7 7. e5 d5 8. exd6
Qxd6 9. Ne4 Qd8 10. c3 b6 11. Ne5 O-O 12. Nxc6 Nxc6 13. g4 Na5 14. Be2 Bb7 15.
d3 f5 16. gxf5 exf5 17. Ng5 Qd7 18. Rb1 h6 19. Nf3 Nc6 20. Be3 Rfe8 21. Qd2 Kh7
22. Kf2 Re6 23. Rbe1 Rd8 24. Rg1 Ba6 25. c4 Qe7 26. b3 Re8 27. Bd1 Nd4 28. Rg3
Bb7 29. Rh3 Nxf3 30. Bxf3 Bxf3 31. Kxf3 Bf6 32. Re2 Qd8 33. Qc2 Bd4 34. Kf2
Rxe3 35. Rexe3 Rxe3 36. Rxe3 Qh4+ 37. Kg2 Bxe3 0-1

[Event "17. Int. Boeblinger Open"]
[Site "Boeblingen"]
[Date "2000.12.30"]
[Round "9"]
[White "Schlachetzki, Horst"]
[Black "Baramidze, David"]
[Result "0-1"]
[WhiteElo "2073"]
[BlackElo "2224"]
[PlyCount "90"]
[EventDate "2000.12.26"]

1. e4 c5 2. Nf3 d6 3. d4 cxd4 4. Nxd4 Nf6 5. Nc3 a6 6. Bc4 Qc7 7. Bb3 Nc6 8.
O-O Na5 9. Bg5 Nxb3 10. Nxb3 e6 11. a4 b6 12. Re1 Be7 13. f3 O-O 14. Qe2 Bb7
15. Kh1 h6 16. Bh4 Nxe4 17. Bxe7 Nxc3 18. Bxd6 Qxd6 19. bxc3 Qc7 20. c4 Rac8
21. c5 bxc5 22. c4 Qb6 23. Nd2 Ba8 24. a5 Qc7 25. Qe5 Rfd8 26. Nb3 Qc6 27. h3
Rd3 28. Re3 f6 29. Qxe6+ Qxe6 30. Rxe6 Rxb3 31. Rxa6 Re8 32. Ra7 Rb7 33. Ra6
Kf8 34. Rd1 Rbe7 35. Kh2 Rb8 36. Rdd6 Ke8 37. Kg3 Rd7 38. Rxd7 Kxd7 39. Ra7+
Ke6 40. Rxg7 Rb4 41. Ra7 Bc6 42. Ra6 Kd6 43. Kf4 Rxc4+ 44. Kf5 Rb4 45. Kxf6 c4
0-1

[Event "17. Int. Boeblinger Open"]
[Site "Boeblingen"]
[Date "2000.12.30"]
[Round "9"]
[White "Schmidt, Olaf"]
[Black "Hauke, Christian"]
[Result "1/2-1/2"]
[WhiteElo "2124"]
[BlackElo "2262"]
[PlyCount "30"]
[EventDate "2000.12.26"]

1. d4 d6 2. g3 Bg4 3. Bg2 c6 4. Nf3 Nd7 5. O-O e5 6. c4 Ngf6 7. Nc3 Be7 8. e4
O-O 9. h3 Bh5 10. g4 Bg6 11. Nh4 Ne8 12. Nf5 Bxf5 13. exf5 exd4 14. Qxd4 Bf6
15. Qd2 Ne5 1/2-1/2

[Event "17. Int. Boeblinger Open"]
[Site "Boeblingen"]
[Date "2000.12.30"]
[Round "9"]
[White "Schmidt-Schaeffer, Sebastian"]
[Black "Lindemann, Stefan"]
[Result "1-0"]
[WhiteElo "2314"]
[BlackElo "2348"]
[PlyCount "41"]
[EventDate "2000.12.26"]

1. e4 c5 2. Nf3 d6 3. d4 cxd4 4. Nxd4 Nf6 5. Nc3 g6 6. f4 Bg7 7. e5 Nh5 8. Bb5+
Bd7 9. e6 fxe6 10. Nxe6 Bxc3+ 11. bxc3 Qc8 12. Bxd7+ Nxd7 13. O-O Nc5 14. Ng5
Nf6 15. Be3 h6 16. Bd4 O-O 17. Nf3 Nd5 18. g3 Kh7 19. Nh4 Rf7 20. f5 g5 21. Qh5
1-0

[Event "17. Int. Boeblinger Open"]
[Site "Boeblingen"]
[Date "2000.12.30"]
[Round "9"]
[White "Schmittdiel, Eckhard"]
[Black "Florea, Dan"]
[Result "1/2-1/2"]
[WhiteElo "2498"]
[BlackElo "2298"]
[PlyCount "100"]
[EventDate "2000.12.26"]

1. e4 e6 2. d4 d5 3. Nc3 Nf6 4. e5 Nfd7 5. Nce2 c5 6. c3 Nc6 7. Nf3 b5 8. a3
Qb6 9. Be3 a5 10. dxc5 Bxc5 11. Ned4 a4 12. Nxc6 Qxc6 13. Nd4 Qb6 14. f4 O-O
15. Bd3 Nb8 16. O-O Nc6 17. Rf3 g6 18. Bf1 Na5 19. Bf2 Nc4 20. Rb1 f5 21. exf6
Rxf6 22. Qc2 Bd7 23. Bd3 Raf8 24. Re1 Rxf4 25. Rxf4 Rxf4 26. Kh1 Rf7 27. Bg1
Qd6 28. Qe2 Rf6 29. h3 Qf8 30. Nf3 Bxg1 31. Kxg1 Qc5+ 32. Kh1 Kg7 33. Kh2 Qd6+
34. Kg1 Qf4 35. Kh1 Qg3 36. Rf1 e5 37. Bxc4 dxc4 38. Nd2 Bc6 39. Rxf6 Kxf6 40.
Kg1 Qf4 41. Kh1 Kf5 42. Kg1 h6 43. Qe1 Ke6 44. Qe2 Kf6 45. Kh1 h5 46. Kg1 Kg7
47. h4 Kf6 48. Qe1 Ke6 49. Nf1 Be4 50. Qf2 Bd3 1/2-1/2

[Event "17. Int. Boeblinger Open"]
[Site "Boeblingen"]
[Date "2000.12.30"]
[Round "9"]
[White "Stiller, Juergen"]
[Black "Davari-Azar, Abbas"]
[Result "1/2-1/2"]
[WhiteElo "2169"]
[BlackElo "2003"]
[PlyCount "26"]
[EventDate "2000.12.26"]

1. d4 Nf6 2. Bg5 g6 3. Bxf6 exf6 4. e3 d5 5. c4 c6 6. Nc3 Be6 7. cxd5 cxd5 8.
Qb3 Qd7 9. g3 Nc6 10. Bg2 Bb4 11. Nge2 O-O 12. O-O Rfd8 13. Rfc1 g5 1/2-1/2

[Event "17. Int. Boeblinger Open"]
[Site "Boeblingen"]
[Date "2000.12.30"]
[Round "9"]
[White "Werner, Clemens"]
[Black "Jobava, Baadur"]
[Result "1-0"]
[WhiteElo "2347"]
[BlackElo "2503"]
[PlyCount "81"]
[EventDate "2000.12.26"]

1. e4 c5 2. c3 d6 3. d4 Nf6 4. Bd3 g6 5. Nf3 Bg7 6. h3 O-O 7. Be3 b6 8. Nbd2
Bb7 9. O-O Nbd7 10. Qe2 Qc7 11. Rfe1 Rfe8 12. Bf4 e5 13. dxe5 dxe5 14. Bg5 Nf8
15. Bxf6 Bxf6 16. Ba6 Bxa6 17. Qxa6 Ne6 18. g3 Bg7 19. Rad1 Rad8 20. Qc4 Qc6
21. a4 Kh8 22. Qb5 Qc8 23. Nc4 Nf4 24. gxf4 Qxh3 25. Ncxe5 Bxe5 26. Nxe5 Kg7
27. Rxd8 Rxd8 28. Qc4 Rf8 29. Qd3 Qe6 30. Qd5 Qe7 31. Nd7 Re8 32. Qe5+ Qxe5 33.
Nxe5 g5 34. Nc4 gxf4 35. Kg2 Kf6 36. Kf3 h5 37. Rh1 Rh8 38. Rh4 Kg5 39. Rxf4 h4
40. Rf5+ Kg6 41. Ne5+ 1-0